Effective Leadership (Record no. 3256)
[ view plain ]
| 000 -LEADER | |
|---|---|
| fixed length control field | 00244nam a22001097a 4500 |
| 008 - FIXED-LENGTH DATA ELEMENTS--GENERAL INFORMATION | |
| fixed length control field | 250429b |||||||| |||| 00| 0 eng d |
| 100 ## - MAIN ENTRY--AUTHOR | |
| Author | Yahaya, Ali D. |
| 245 ## - TITLE STATEMENT | |
| Title | Effective Leadership |
| 300 ## - COLLATION | |
| Pagination | 180p. |
| 942 ## - ADDED ENTRY ELEMENTS (KOHA) | |
| Item type | Books |
| 050 ## - LIBRARY OF CONGRESS CALL NUMBER | |
| Classification number | JC 330 |
| Item number | .Y44 |
| Source of classification or shelving scheme | Not for loan | Permanent location | Current location | Date acquired | Accession No. | Full call number | Barcode. | Koha item type |
|---|---|---|---|---|---|---|---|---|
| Dewey Decimal Classification | Samuel Ogbemudia Main Library, University of Abuja | Samuel Ogbemudia Main Library, University of Abuja | 04/29/2025 | 2003-25405 | JC 330.Y44 | 2025-1709 | Books |